Words- Spanish to English - Statistics

General Stats
  • This quiz has been taken 70 times
    69 since last reset
  • The average score is 12 of 20
Answer Stats
Spanish English % Correct
biblioteca library
89%
aeropuerto airport
88%
playa beach
84%
escuela school
84%
cocina kitchen
80%
amarillo yellow
80%
puerta door
79%
ventana window
71%
jugar play
70%
catorce fourteen
63%
livro book
50%
raton mouse
46%
barco boat
45%
galleta cookie
45%
tiburon shark
36%
camaron shrimp
36%
cabra goat
34%
orno oven
30%
cadena chain
21%
brincar jump
21%
No matching quizzes found
Score Distribution
Percent of People with Each Score
Percentile by Number Answered
Your Score History
You have not taken this quiz since the last reset